Evolución, estado actual y futuro de la electricidad y las telecomunicaciones en Costa Rica
Guardat en:
| Autor corporatiu: | |
|---|---|
| Format: | Text |
| Publicat: |
San José:
UCR
|
| Matèries: | |
| Etiquetes: |
Afegir etiqueta
Sense etiquetes, Sigues el primer a etiquetar aquest registre!
|
MARC
| LEADER | 00000 a a2200000 04500 | ||
|---|---|---|---|
| 001 | 28845 | ||
| 003 | |||
| 040 | |||
| 020 | |a 9977-67-692-5 | ||
| 090 | |a 189900 | ||
| 110 | |a Universidad de Costa Rica | ||
| 245 | |a Evolución, estado actual y futuro de la electricidad y las telecomunicaciones en Costa Rica | ||
| 260 | |a San José: |b UCR | ||
| 300 | |a 61 p | ||
| 650 | |a MOVIMIENTOS SOCIALES | ||
| 650 | |a PRIVATIZACION | ||
| 650 | |a EMPRESAS PUBLICAS | ||
| 650 | |a EMPRESAS DE TELECOMUNICACIONES | ||
| 650 | |a ELECTRICIDAD | ||
| 650 | |a MODERNIZACION | ||
| 650 | |a ESTADO | ||
| 650 | |a TELECOMUNICACIONES | ||
| 650 | |a ELECTRIFICACION | ||
| 650 | |a INDICADORES | ||
| 650 | |a ENERGIA ELECTRICA | ||
| 650 | |a CENTROAMERICA | ||
| 650 | |a RENTABILIDAD | ||
| 999 | |c 5627 |d 5627 | ||



